000 01156cam a2200373Mi 4500
999 _c8223
_d8223
001 810193
003 OSt
005 20190923125836.0
007 ta
008 131011s2014 ii b 001 0 eng d
010 _a 2014355663
020 _a9788192512198
020 _a8192512193
035 _a(OCoLC)ocn871215726
035 _a810193
037 _aLibrary of Congress -- New Delhi Overseas Office
040 _aDKAGE
_beng
_erda
_cDKAGE
_dYDXCP
_dDLC
_dOCLCO
_dPTS
049 _aPTSS
050 4 _aBT77
_b.S936 2014
082 0 4 _a230
_223
_bR161C
100 1 _aSwami Raju, T.,
_d1959-
245 1 0 _aChristian theological responses :
_bcontemporary contextual concerns /
_cT. Swami Raju.
264 1 _aNew Delhi :
_bChristian World Imprints,
_c2014.
300 _axvi, 182 pages ;
_c23 cm.
336 _atext
_btxt
_2rdacontent
337 _aunmediated
_bn
_2rdamedia
338 _avolume
_bnc
_2rdacarrier
490 1 _aChristian heritage rediscovered ;
_v3
504 _aIncludes bibliographical references and index.
650 0 _aTheology.
830 0 _aChristian heritage rediscovered ;
_v3.
942 _2ddc
_cBK
945 _aMARCIVE20181205